000 00503cam a22002051 4500
001 279195
005 20180213040405.0
008 720420s1964 nyu b 001 0 eng
010 _a 64011828
040 _aDLC
_cDLC
_dDLC
041 _aeng
080 _a361.3 HOL
082 0 0 _a361.3 HOL
100 1 _a50
101 _aSOC
245 1 0 _aCasework: a psychosocial therapy.
504 _aBibliography: p. [277]-289.
906 _a7
_bcbc
_corignew
_du
_eocip
_f19
_gy-gencatlg
942 _2ddc
_cBK
999 _c42355
_d42355